Biblioteka Instytutu Północnego w Olsztynie

Tadeusz Rożek - oficer i fotograf : (Rekord nr 27444)

Szczegóły MARC
000 -Nagłówek
fixed length control field 02631cam a2200625 i 4500
001 - Nr kontrolny bibl., która utworzyła rek.
control field xx004696277
003 - Siglum bibl., której nr kontr. jest w 001
control field NUKAT
005 - Data i czas ostatniej operacji
control field 20260407124323.0
008 - Elementy pola stałej długości
fixed length control field 190910s2019 pl a |001 0dpol c
020 ## - ISBN
ISBN 9788380986381
dopowiedzenie (oprawa twarda) :
warunki dostępności zł 39,00
035 ## - Systemowy numer kontrolny
systemowy numer kontrolny (OCoLC)1121424370
035 ## - Systemowy numer kontrolny
systemowy numer kontrolny (NUKAT)xx004696277
040 ## - Instytucja sporządzająca opis
Instytucja, która sporządziła opis WR U/ms
język katalgowania-trzyzn. kod pol
zasady opisu rda
Instytucja, która sporządziła rekord WR U/ms
Instytucja, która zmodyfikowała rekord WR U/hb
-- KAT U/JPs
-- WA M/ES
-- OLSZT 008/bak
045 2# - Okres czasu dla zawartości
czas między r. 9999 pne a nasz. czas. d1914
-- d1939
046 ## - Kod rodz. daty, data1, data2 (daty pne)
Begin/single date 2019
100 1# - Hasło główne-nazwa osobowa
Nazwa osobowa Harasym, Zenon
Daty biograficzne (1941- ).
rodzaj współpracy Autor
9 (RLIN) 39522
245 10 - Tytuł właściwy i oznaczenie odpow.
tytuł Tadeusz Rożek - oficer i fotograf :
dodatek do tytułu fotografia wojenna z okresu I wojny światowej /
dod. inf. ze s. tyt./ozn. odpow. Zenon Harasym.
246 30 - Inne formy tytułu, wariant tytułu
tytuł Fotografia wojenna z okresu I wojny światowej
260 ## - Adres wydawniczy
miejsce wydania, dystrybucji itp. Wrocław ;
-- Warszawa :
nazwa wydawcy, dystrybutora itp. Instytut Pamięci Narodowej - Komisja Ścigania Zbrodni przeciwko Narodowi Polskiemu,
data wydania, dystrybucji itp. 2019.
300 ## - Opis fizyczny
objętość i/lub forma materiału 175 stron :
inne szczegóły opisu fizycznego ilustracje (w tym kolorowe) ;
format 23 x 25 cm.
336 ## - Content Type
Term Tekst
Code txt
Source rdacontent
336 ## - Content Type
Term Obraz
Code sti
Source rdacontent
337 ## - Media Type
Term Bez urządzenia pośredniczącego
Code n
Source rdamedia
338 ## - Carrier Type
Term Wolumin
Code nc
Source rdacarrier
380 ## - Form of work
Form of work Albumy i książki artystyczne
380 ## - Form of work
Form of work Książki
380 ## - Form of work
Form of work Publikacje naukowe
388 1# - TIME PERIOD OF CREATION
Time period of creation term 2001-
500 ## - Uwaga ogólna
uwaga ogólna Druk dwuszpaltowy.
504 ## - Uwaga o bibliografii
uwaga o bibliografii Bibliografia na stronach 167-169. Indeks.
536 ## - Uwaga o finansowaniu dokumentu
tekst uwagi Materiał na publikację został opracowany przy wsparciu funduszu stypendialnego ze środków finansowych budżetu województwa dolnośląskiego
600 17 - Hasło przedmiotowe-nazwa osobowa
nazwa osobowa Rożek, Tadeusz
daty biograficzne (1897-1940)
źródło hasła DBN
9 (RLIN) 39523
600 17 - Hasło przedmiotowe-nazwa osobowa
nazwa osobowa Schaller, Kazimierz
daty biograficzne (1896-1919)
źródło hasła DBN
9 (RLIN) 39524
600 17 - Hasło przedmiotowe-nazwa osobowa
nazwa osobowa Rożek, Tadeusz
daty biograficzne (1897-1940).
źródło hasła kaba
9 (RLIN) 39525
610 27 - Hasło przedmiotowe-nazwa ciała zbior.
nazwa ciała zbior. lub geogr. Wojsko Polskie (1918-1939)
źródło hasła DBN
9 (RLIN) 37311
648 #7 - SUBJECT ADDED ENTRY--CHRONOLOGICAL TERM
Chronological term 1901-2000
Source of heading or term DBN
9 (RLIN) 34996
648 #7 - SUBJECT ADDED ENTRY--CHRONOLOGICAL TERM
Chronological term 1914-1918
Source of heading or term DBN
9 (RLIN) 36040
648 #7 - SUBJECT ADDED ENTRY--CHRONOLOGICAL TERM
Chronological term 1918-1939
Source of heading or term DBN
9 (RLIN) 36041
650 #7 - Hasło przedmiotowe-nazwa pospolita
nazwa pospolita lub geogr. Fotografia dokumentalna
źródło hasła DBN
9 (RLIN) 39457
650 #7 - Hasło przedmiotowe-nazwa pospolita
nazwa pospolita lub geogr. Fotografia polska
źródło hasła DBN
9 (RLIN) 35386
650 #7 - Hasło przedmiotowe-nazwa pospolita
nazwa pospolita lub geogr. Fotografia wojenna
źródło hasła DBN
9 (RLIN) 39527
650 #7 - Hasło przedmiotowe-nazwa pospolita
nazwa pospolita lub geogr. Fotografowie polscy
źródło hasła DBN
9 (RLIN) 38161
650 #7 - Hasło przedmiotowe-nazwa pospolita
nazwa pospolita lub geogr. I wojna światowa (1914-1918)
źródło hasła DBN
9 (RLIN) 35952
650 #7 - Hasło przedmiotowe-nazwa pospolita
nazwa pospolita lub geogr. Oficerowie
źródło hasła DBN
9 (RLIN) 36620
650 #7 - Hasło przedmiotowe-nazwa pospolita
nazwa pospolita lub geogr. Wojna światowa (1914-1918)
określnik formy fotografie.
źródło hasła kaba
9 (RLIN) 39528
650 #7 - Hasło przedmiotowe-nazwa pospolita
nazwa pospolita lub geogr. Fotografia wojenna
określnik rzeczowy historia.
źródło hasła kaba
9 (RLIN) 39526
650 #7 - Hasło przedmiotowe-nazwa pospolita
nazwa pospolita lub geogr. Fotografia wojenna
określnik geograficzny Polska
określnik chronologiczny 1900-1945.
źródło hasła kaba
9 (RLIN) 39529
651 #7 - Hasło przedmiotowe-nazwa geogr.
nazwa geograficzna Polska
źródło hasła DBN
9 (RLIN) 35076
655 #7 - Termin określający rodzaj/formę
rodzaj/forma Album
źródło terminu DBN
9 (RLIN) 35390
655 #7 - Termin określający rodzaj/formę
rodzaj/forma Biografia
źródło terminu DBN
9 (RLIN) 35059
658 ## - Nazwa określająca cel programu nauczania
główny cel programu nauczania Historia
710 2# - Hasło dodatkowe - nazwa ciała zbior.
nazwa ciała zbior. lub nazwa geogr. Instytut Pamięci Narodowej - Komisja Ścigania Zbrodni przeciwko Narodowi Polskiemu.
rodzaj współpracy Wydawca
kod rodzaju współpracy pbl
9 (RLIN) 11792
920 ## - ISBN
ISBN 978-83-8098-638-1 (oprawa twarda) : zł 39,00
942 ## - ADDED ENTRY ELEMENTS (KOHA)
Source of classification or shelving scheme Dewey Decimal Classification
Koha item type pozycje dostępne na miejscu
Egzemplarze
Status wycofania Status zagubienia Klasyfikacja Status uszkodzenia Blokada wypożyczeń Kolekcja Lokalizacja macierzysta Lokalizacja bieżąca Data nabycia Numer akcesji Źródło akcesji Cena Nr inwentarzowy il. wypożyczeń Sygnatura Kod kreskowy Date last seen Price effective from Typ egz.
    Dewey Decimal Classification nieuszkodzona   książka w magazynie Biblioteka Instytutu Północnego w Olsztynie Biblioteka Instytutu Północnego w Olsztynie 25/11/2019 D-38/2019 dar 39.00 59847   59847 IPWK21546 07/04/2026 07/04/2026 pozycje dostępne na miejscu
Biblioteka Instytutu Północnego, ul. Partyzantów 87, 10-402 Olsztyn, email: biblioteka(at)ip.olsztyn.pl